00577nam a22002057a 450000500170000001000130001702000100003003500130004003700160005304000120006908200110008110000120009224500960010426000360020027000630023630000250029965000170032465000110034170000190035220170124110108.0 aA-735205 c00.00 aA-735205 bCen Lib/Ret aDPLbEN aSbDAN aDandin  aTales of the ten princes :cby Dandin; translated by A.N.D. Haskar bdasa kumara charitam / aNew DelhibPenguin books c1995 bNew Delhia210, Chiranjeevi tower 43, Nehru place e110019 axxix,206p.c19cm(Hb) a literature  aNovel  aHaksar, A.N.D.